| 000 | 00000cam 2200000zi 4500 |
| 001 | 9.558162 |
| 003 | CaOODSP |
| 005 | 20250819091303 |
| 007 | cr ||||||||||| |
| 008 | 150406s2002||||xxc|||||o f|0| 0 eng d |
| 020 | |a0-662-32445-5 |
| 022 | |a1701-4387 |
| 040 | |aCaOODSP|beng |
| 043 | |an-cn--- |
| 086 | 1 |aM44-2002/F8E-PDF |
| 100 | 1 |aGalley, A. G. |eauthor.|q(Alan George),|d1954- |
| 245 | 10|aTiming of synvolcanic magmatism in relation to base-metal mineralization, Rouyn-Noranda, Abitibi volcanic belt, Quebec / |cAlan G. Galley and Otto van Breemen. |
| 260 | |aOttawa, Ontario : |bNatural Resources Canada, |c2002. |
| 300 | |a1 online resource (11 pages) : |bfigures (some coloured), graph, maps (some coloured), table. |
| 490 | 1 |aCurrent research 2002 ; |x1701-4387|v2002-F8 |
| 504 | |aIncludes bibliographical references. |
| 546 | |aRésumés en français. |
| 590 | |a11-13-Supp|b2011-08-04 |
| 710 | 2 |aGeological Survey of Canada, |eissuing body. |
| 830 | #0|aCurrent research (Geological Survey of Canada)|x1701-4387|v2002-F8|w(CaOODSP)9.506236 |
| 856 | 40|ahttp://publications.gc.ca|qPDF|s1.13 MB|uhttps://publications.gc.ca/collections/collection_2011/rncan-nrcan/M44-2002-F8-eng.pdf|y2002-F8 |